El mercado de capitales en Colombia 1975 / (Registro nro. 5658)

Detalles MARC
000 -LEADER
fixed length control field 01009nam a2200241Ia 4500
003 - CONTROL NUMBER IDENTIFIER
control field OSt
005 - DATE AND TIME OF LATEST TRANSACTION
control field 20200728173200.0
008 - FIXED-LENGTH DATA ELEMENTS--GENERAL INFORMATION
fixed length control field 191128s1976 ck ad gr 000 0 spa d
040 ## - CATALOGING SOURCE
Original cataloging agency CO-JMCR
Transcribing agency CO-JMCR
041 0# - LANGUAGE CODE
Language code of text/sound track or separate title spa
082 04 - DEWEY DECIMAL CLASSIFICATION NUMBER
Classification number 332.09047 /
Item number S356m
Edition number 23
110 1# - MAIN ENTRY--CORPORATE NAME
Corporate name or jurisdiction name as entry element Colombia Banco de la República Asociación Bancaria de Colombia
9 (RLIN) 8018
245 13 - TITLE STATEMENT
Title El mercado de capitales en Colombia 1975 /
Statement of responsibility, etc. Banco de la República Asociación Bancaria de Colombia
250 ## - EDITION STATEMENT
Edition statement Primera edición
260 ## - PUBLICATION, DISTRIBUTION, ETC.
Place of publication, distribution, etc. Bogotá :
Name of publisher, distributor, etc. Stella,
Date of publication, distribution, etc. 1976.
300 ## - PHYSICAL DESCRIPTION
Extent 248 páginas :
Other physical details cuadros, gráficas a blanco y negro ;
Dimensions 25 cm.
505 0# - FORMATTED CONTENTS NOTE
Formatted contents note Evaluación y perspectivas de los simposios sobre mercado de capitales -- política económica y mercado financiero -- Capitalización y colocación de recursos financieros
650 14 - SUBJECT ADDED ENTRY--TOPICAL TERM
Topical term or geographic name entry element Mercado de capitales
9 (RLIN) 8019
650 24 - SUBJECT ADDED ENTRY--TOPICAL TERM
Topical term or geographic name entry element Política económica
9 (RLIN) 8020
650 24 - SUBJECT ADDED ENTRY--TOPICAL TERM
Topical term or geographic name entry element Capitalización
9 (RLIN) 8021
710 1# - ADDED ENTRY--CORPORATE NAME
Corporate name or jurisdiction name as entry element Asociación Bancaria de Colombia
Relator term autor
9 (RLIN) 8022
942 ## - ADDED ENTRY ELEMENTS (KOHA)
Source of classification or shelving scheme Dewey Decimal Classification
Koha item type Books
Existencias
Withdrawn status Lost status Source of classification or shelving scheme Damaged status Not for loan Home library Current library Shelving location Date acquired Source of acquisition Full call number Barcode Date last seen Copy number Price effective from Koha item type
    Dewey Decimal Classification     Biblioteca Pública José María del Castillo y Rada Biblioteca Pública José María del Castillo y Rada General Stacks 11/28/2019 Donación 332.09047 / S356m 430003165 05/16/2024 Ej.1 11/28/2019 Books